Γεωυφάσματα : μηχανική και υδραυλική συμπεριφορά - εφαρμογές
Saved in:
| Main Author: | |
|---|---|
| Format: | Book |
| Language: | Greek |
| Published: |
Θεσσαλονίκη :
Γαρταγάνη,
1985
|
| Subjects: | |
| Tags: |
Add Tag
No Tags, Be the first to tag this record!
|
MARC
| LEADER | 00000nam a2200000 i 4500 | ||
|---|---|---|---|
| 001 | 1/97898 | ||
| 008 | 950227s1985 gre d | ||
| 035 | |l 10010731 | ||
| 040 | |a GR-MY-UA |b gre |e aacr | ||
| 041 | 0 | |a gre | |
| 082 | 0 | |a 624.151 | |
| 100 | 1 | |a Προφυλλίδης, Βασίλης. | |
| 245 | 1 | 0 | |a Γεωυφάσματα : |b μηχανική και υδραυλική συμπεριφορά - εφαρμογές / |c Βασίλης Προφυλλίδης |
| 260 | |a Θεσσαλονίκη : |b Γαρταγάνη, |c 1985 | ||
| 300 | |a 64 σ. |b εικ. | ||
| 504 | |a Βιβλιογραφία:σ.62-64. | ||
| 650 | 0 | 0 | |a Geotextiles. |
| 852 | |a INST |b LESVOS |e 19950227 |h 624.151 ΠΡΟ |p 005100002703 |q 005100002703 |t BK |y 0 | ||
| 909 | |a Λ |b 010545 | ||
| 922 | |a 1ΕΛΗ |b 198805 |c ΠΠ/7104 | ||